Normal view
MARC view
- Applied Linguistics-Linguistics
Entry Topical Term
001 - CONTROL NUMBER
- control field: 6010
003 - CONTROL NUMBER IDENTIFIER
- control field: JO-AjAnu
005 - DATE AND TIME OF LATEST TRANSACTION
- control field: 20230606071257.0
008 - FIXED-LENGTH DATA ELEMENTS
- fixed length control field: 230606|| aca||aabn | a|a d
040 ## - CATALOGING SOURCE
- Original cataloging agency: JO-AjAnu
- Transcribing agency: JO-AjAnu
150 ## - HEADING--TOPICAL TERM
- Topical term or geographic name entry element: Applied Linguistics-Linguistics
670 ## - SOURCE DATA FOUND
- Source citation: Work cat.: (JO-AjAnu)3114: Mclntyre, Dan, Hazel price, author 6009, Applying Linguistics: Language and the Impact Agenda